[Event "SLO-chT2 East"]
[Site "Slovenia"]
[Date "2017.10.21"]
[Round "5"]
[White "Sonjak, Ciril"]
[Black "Krize, Ales"]
[Result "0-1"]
[WhiteElo "1818"]
[BlackElo "1833"]
[PlyCount "122"]
[EventDate "2017.09.30"]
[EventType "team-tourn"]
[EventRounds "9"]
[EventCountry "SLO"]
[SourceTitle "EXT 2019"]
[Source "ChessBase"]
[SourceDate "2018.10.10"]
[SourceVersion "1"]
[SourceVersionDate "2018.10.10"]
[SourceQuality "1"]

1. e4 c5 2. Nf3 d6 3. d3 g6 4. c3 Bg7 5. Be2 Nf6 6. Nbd2 Nc6 7. a3 0-0 8. 0-0 Qc7 9. Nc4 b5 10. Ne3 Bb7 11. Nd5 Nxd5 12. exd5 Ne5 13. c4 bxc4 14. dxc4 a5 15. Rb1 Rfb8 16. Nxe5 Bxe5 17. Bf3 Bc8 18. Qc2 Bf5 19. Be4 Bxe4 20. Qxe4 Rb3 21. Re1 Rab8 22. Re2 R8b7 23. g3 Qb8 24. Qc2 Rxa3 25. bxa3 Rxb1 26. Kg2 Qb3 27. h4 Qxc2 28. Rxc2 Rb3 29. Kf1 e6 30. Ke2 exd5 31. cxd5 Kg7 32. Kf1 Kf6 33. Kg2 Ke7 34. Re2 Kd7 35. f4 Bf6 36. Re4 Rd3 37. Ra4 Bd8 38. Rc4 Rxd5 39. Rc2 Rd3 40. Rb2 Bc7 41. Rc2 f5 42. Rc4 Rd4 43. Rxd4 cxd4 44. Kf2 Ke6 45. Ke2 Kd5 46. Kd3 a4 47. Bb2 Ba5 48. Bxd4 Be1 49. Bf6 Bxg3 50. Bg5 Bf2 51. Bf6 Bc5 52. Bb2 Bb6 53. Bf6 Ke6 54. Bd4 Bd8 55. Bf2 Kd5 56. Be1 Bf6 57. Bd2 Bxh4 58. Kc3 Bf2 59. Kb4 h5 60. Kxa4 h4 61. Kb5 h3 0-1